Поиски и разведка залежей нефти и газа в Нижнем Поволжье

গ্রন্থ-পঞ্জীর বিবরন
সংস্থা লেখক: Академия наук СССР (АН СССР) Институт геологии и разработки горючих ископаемых (ИГиРГИ), Волгоградский государственный научно-исследовательский и проектный институт нефтяной промышленности (ВолгоградНИПИнефть)
অন্যান্য লেখক: Михалькова В. И. (редактор)
ভাষা:রুশ
প্রকাশিত: Москва, Изд-во ИГИРГИ, 1978
মালা:Сборник научных трудов Вып. 32
বিষয়গুলি:
বিন্যাস: গ্রন্থ
KOHA link:https://koha.lib.tpu.ru/cgi-bin/koha/opac-detail.pl?biblionumber=337638

MARC

LEADER 00000nam0a2200000 4500
001 337638
005 20231102004954.0
035 |a (RuTPU)RU\TPU\book\364126 
035 |a RU\TPU\book\364122 
090 |a 337638 
100 |a 20171109d1978 k y0rusy50 ca 
101 0 |a rus 
102 |a RU 
105 |a a z 001zy 
200 1 |a Поиски и разведка залежей нефти и газа в Нижнем Поволжье  |f Академия наук СССР (АН СССР), Институт геологии и разработки горючих ископаемых (ИГиРГИ) ; Волгоградский государственный научно-исследовательский и проектный институт нефтяной промышленности (ВолгоградНИПИнефть) ; под ред. В. И. Михальковой 
210 |a Москва  |c Изд-во ИГИРГИ  |d 1978 
215 |a 123 с.  |c ил. 
225 1 |a Сборник научных трудов  |v Вып. 32 
320 |a Библиография в конце статей 
606 1 |a Нефтегазоносность  |x Поиски и разведка  |2 stltpush  |3 (RuTPU)RU\TPU\subj\45612  |9 64805 
610 1 |a Нижнее Поволжье 
610 1 |a сложные геологические условия 
610 1 |a аэрогеологические методы 
610 1 |a физико-химические исследования 
610 1 |a системный анализ 
610 1 |a поисково-разведочные работы 
610 1 |a сейсмические разрезы 
610 1 |a кристаллооптические методы 
610 1 |a нефтяные ловушки 
610 1 |a литологические типы 
610 1 |a керн 
610 1 |a привязка 
610 1 |a каротажные диаграммы 
675 |a 553.98:550.8  |v 4 
702 1 |a Михалькова  |b В. И.  |4 340 
712 0 2 |a Академия наук СССР (АН СССР)  |b Институт геологии и разработки горючих ископаемых (ИГиРГИ)  |c (Москва)  |c (1958-????)  |2 stltpush  |3 (RuTPU)RU\TPU\col\13483 
712 0 2 |a Волгоградский государственный научно-исследовательский и проектный институт нефтяной промышленности (ВолгоградНИПИнефть)  |c (1970- )  |2 stltpush  |3 (RuTPU)RU\TPU\col\21678 
801 1 |a RU  |b 63413507  |c 20171109 
801 2 |a RU  |b 63413507  |c 20181129  |g RCR 
942 |c BK